000 00633nam a22001937a 4500
999 _c5325
_d5325
003 AR-CdUCM
008 190312b ||||| |||| 00| 0 spa d
040 _aMUNICIPALIDAD PROVINCIAL DEL CUSCO
_cBIBLIOTECA MUNICIPAL DEL CUSCO
082 _a985.061 /
_bT499
100 _aThorndike Losada, Guillermo
_916091
245 _aEl viaje de Prado /
260 _aLima :
_bLibre-1 editores,
_c1977.
300 _a455 páginas ;
_c21 cm.
505 _aContenido: Noviembre: la invasión -- Renuncian ministros -- Se acepan renuncias ...
650 _aHistoria peruana
_91316
650 _aSiglo XX
_98
942 _2ddc
_cLIBROS
945 _acmm